Personnages de Yakuza 0 avec images - Statistiques

Statistiques générales
  • Ce quiz a été pris 16 fois
  • Le résultat moyen est 13 sur 16
Statistiques - réponses
Par images Réponse % Correct
Akira Nishikiyama
100%
Daisaku Kuze
100%
Goro Majima
100%
Kazuma Kiryu
100%
Sohei Dojima
100%
Makoto Makimura
93%
Jun Oda
80%
Tetsu Tachibana
80%
Homare Nishitani
73%
Keiji Shibusawa
73%
Osamu Kashiwagi
73%
Reina
73%
Wen Hai Lee
73%
Hiroki Awano
67%
Tsukasa Sagawa
60%
Lao Gui
47%
Aucun quiz correspondant
Distribution des résultats
% des personnes avec chaque résultat
Percentile par nombre de réponses
Votre historique - résultats
Vous n’avez pas pris ce quiz